Liedtext - Labyrinth - Oomph! - Statistiken

Allgemein
  • Dieses Quiz wurde 75 mal gespielt
  • Das Durchschnittsergebnis liegt bei 297 aus 459
Antwortstatistiken
Textquiz % Korrekt
Du
97%
du
97%
Labyrinth
89%
bist
84%
die
82%
im
82%
nich
82%
nicht
82%
hier
80%
mehr
80%
kommst
79%
raus
79%
dir
75%
geradeaus
75%
Links
75%
links
75%
Mein
75%
rechts
74%
sind
74%
Der
72%
der
72%
kann
70%
Und
70%
und
70%
wer
70%
Keiner
69%
Das
67%
Dein
67%
dein
67%
in
66%
ist
66%
Kind
66%
ich
64%
sagen
64%
mich
62%
deine
59%
dich
59%
was
59%
Bösen
57%
bösen
57%
Liebe
57%
sein
57%
verlorenes
57%
Guten
56%
guten
56%
kannst
56%
weißt
56%
hast
54%
lass
54%
Lass
54%
so
54%
hat
52%
Hat
52%
richtigen
52%
welche
51%
Türen
49%
meine
48%
nur
48%
zu
48%
deinen
46%
für
46%
Lauf
46%
lauf
46%
rein
46%
Kopf
44%
sich
44%
Wenn
44%
An
43%
Welt
43%
aus
41%
Hab
41%
hält
41%
heile
41%
schnell
41%
selbst
41%
eingesperrt
39%
Geheimnis
39%
Klopf
39%
klopf
39%
Niemand
39%
deinem
38%
Dann
36%
Herz
36%
meinem
33%
Seele
33%
verzerrt
33%
beenden
31%
gepflanzt
31%
Haut
31%
oft
30%
entstellt
28%
Lust
28%
Sinne
28%
Spiegelbild
28%
Spiel
28%
tauche
28%
verbrannt
28%
werd
28%
verbannt
26%
gebrauche
25%
Wahnsinn
25%
zweite
25%
Zorn
23%
blenden
21%
zweites
21%
erbaut
15%
Keine übereinstimmenden Quizze gefunden
Verteilung der Resultate
Anzahl Personen mit jedem Resultat
Perzentil nach korrekt beantworteten Fragen
Ihre Resultats-Entwicklung
Sie haben dieses Quiz noch nicht gespielt